Bad Blood (TV) - Taylor Swift (All Lyrics) - Statistics

General Stats
  • This quiz has been taken 430 times
  • The average score is 438 of 496
Answer Stats
Lyrics % Correct
bad
99%
(Bad
99%
blood
99%
blood,
99%
blood)
99%
got
99%
we
99%
a
98%
baby,
98%
Baby,
98%
I
98%
no)
98%
now
98%
Now
98%
Now,
98%
And
97%
And,
97%
and
97%
'Cause,
97%
('Cause
97%
You
97%
you
97%
do
96%
So
95%
so
95%
the
95%
think
95%
Think
95%
(Think
95%
can
94%
don't
94%
to
94%
be
93%
mad
93%
(Mad
93%
problems
93%
it
92%
solve
92%
them
92%
them)
92%
love
91%
love)
91%
what
91%
What
91%
used
90%
done
89%
done)
89%
hey
89%
(Hey)
89%
(Hey),
89%
look
89%
(Look
89%
really
89%
you've
89%
take
88%
that
88%
that,
88%
know
87%
made
87%
have
86%
Did
85%
did
85%
it's
85%
deep
84%
good
84%
Oh,
84%
about
83%
cut
83%
time
83%
sad
82%
this?
82%
this
82%
times
82%
for
80%
just
80%
like
80%
me
79%
say
78%
all
77%
All
77%
could
77%
if
75%
If
75%
sorry
75%
was
75%
your
75%
bullet
74%
fix
74%
show
74%
holes
73%
live
73%
at
72%
with
71%
in
70%
trusted
70%
but
69%
ghosts
69%
(Ghosts)
69%
my
69%
thinking
69%
you're
68%
Band-aids
67%
Where
67%
back
66%
on
66%
runs
66%
ruin
64%
we'd
64%
fine?
63%
from
63%
heal,
63%
hit
62%
past
62%
rusted
62%
they
62%
I'm
61%
knife
61%
won't
61%
through?
60%
right
59%
they
59%
cold
58%
couldn't
58%
shiny?
57%
breath
56%
last
56%
scars
56%
Still
56%
wound
56%
laughin'
55%
These
55%
these
55%
way,
55%
comin'
54%
weak?
54%
up
53%
will
52%
Salt
51%
catch
49%
things
49%
wounds,
47%
rub
46%
kinda
42%
(Ooh,
42%
mmm
22%
woah,
22%
No matching quizzes found
Score Distribution
Percent of People with Each Score
Percentile by Number Answered
Your Score History
You have not taken this quiz